000 00889nas a2200277 4500
001 BR9209683
003 BR-BrBNA
005 20231205093319.0
007 ta
008 230509b bl.|||p| |||| 00| 00por d
040 _aBR-BrBNA
_bpor
_cBiblioteca Nacional de Agricultura
041 _a(Pt)
072 _aF04
100 1 _aSilva, R.J.M. da
100 1 _aSantos, G.
100 1 _aNeiva, L.C. da S.
100 1 _aTiveron Filho, D.
245 1 _aEfeito de niveis de adubacao NPK na cultura do feijoeiro comum (Phaseolus vulgaris L.)em alguns solos do Estado de Goias, na presenca e ausencia de calagem
650 _aFEIJAO
650 _aNPK
650 _aCALAGEM
650 _aGOIAS
773 0 _tAnais da Escola de Agronomia e Veterinaria (Brazil)
_xISSN 0100-218X
_g(1978), v. 8(1) p. 102-113
_wBR9209683
909 _a202311
_bLúcia
_c55
_dLúcia Elande
942 _2AGRIS
_n0
_cANA
999 _c137471
_d137471